Penilaian penterjemahan watak-watak tematik dalam novel Negara Binatang (terjemahan novel Animal Farm karya George Orwell) /
Saved in:
| Main Author: | |
|---|---|
| Format: | Thesis Book |
| Language: | Malay |
| Published: |
1984.
|
| Subjects: | |
| Tags: |
Add Tag
No Tags, Be the first to tag this record!
|
| LEADER | 00925cam a2200241 a 4500 | ||
|---|---|---|---|
| 001 | u843564 | ||
| 003 | SIRSI | ||
| 005 | 201111100933 | ||
| 008 | 111110s1984 my a t 000 0 may m | ||
| 040 | |a UMB | ||
| 093 | |a P306 |b 1984 Zubar | ||
| 100 | 0 | |a Zubaidah Abdul Rahman. | |
| 245 | 1 | 0 | |a Penilaian penterjemahan watak-watak tematik dalam novel Negara Binatang (terjemahan novel Animal Farm karya George Orwell) / |c Zubaidah Abdul Rahman. |
| 260 | |c 1984. | ||
| 300 | |a iv, 61 leaves : |b ill. ; |c 30 cm. | ||
| 500 | |a Penyelia : Pn. Noor Ein bt Mohd. Noor | ||
| 502 | |a Project paper (Dip. Transl.) -- Pusat Bahasa, Universiti Malaya, 2011. | ||
| 504 | |a Bibliography: leaves 60-61. | ||
| 650 | 0 | |a Translating and interpreting |x Evaluation. | |
| 710 | 2 | 0 | |a Universiti Malaya. |b Pusat Bahasa. |
| 900 | |a ZA | ||
| 596 | |a 6 | ||
| 999 | |a P306 1984 ZUBAR |w LC |c 1 |i A514879407 |d 26/12/2014 |f 26/12/2014 |g 1 |l STACKS |m P06BAHASA |r Y |s Y |t TESIS |u 26/12/2014 | ||
